| 000 | 00716cam a2200253 i 4500 | ||
|---|---|---|---|
| 005 | 20260322212045.0 | ||
| 008 | data | ||
| 010 | _a 77010289 | ||
| 020 |
_a031202021X : _c{dollar}10.95 |
||
| 020 |
_a9780312020217 : _c{dollar}10.95 |
||
| 040 |
_aDLC _cDLC _dDLC |
||
| 050 | 0 | 0 |
_aPR9619.3.C394 _bAl 1978 _aPR9619.3.C394 |
| 082 | 0 | 0 | _a823 |
| 100 | 1 | _aCato, Nancy. | |
| 245 | 1 | 0 |
_aAll the rivers run : _ba novel / _cNancy Cato. |
| 250 | _aSt. Martin's Press ed. | ||
| 260 |
_aNew York : _bSt. Martin's Press, _cc1978. |
||
| 300 |
_a534 p. ; _c24 cm. |
||
| 650 | 0 |
_aWomen artists _xFiction. |
|
| 650 | 0 |
_aRiver boats _xFiction. |
|
| 651 | 0 |
_aAustralia _xFiction. |
|
| 655 | 7 |
_aHistorical fiction.. _2gsafd |
|
| 001 | data | ||
| 999 |
_c1072 _d1072 |
||